[Keyboard music in tablature by various composers.

Saved in:
Bibliographic Details
Corporate Author: Biblioteca nazionale di Torino.
Format: Musical Score
Published: 16--]
Subjects:
Tags: Add Tag
No Tags, Be the first to tag this record!
LEADER 00614ndm a2200205 4500
001 007701632-7
005 20020606104010.5
008 980210s16uu xx zzz| a nn| d
035 0 |a ocm38939042 
040 |a MH-Mu  |c MH-Mu 
110 2 |a Biblioteca nazionale di Torino.  |k Manuscript.  |n Giordano 1-8. 
245 0 0 |a [Keyboard music in tablature by various composers. 
260 |c 16--] 
300 |a Ms. score ([8 v.]) 
500 |a List of composers on front flyleaves. 
650 0 |a Keyboard instrument music  |y 17th century. 
650 0 |a Music  |x Manuscripts. 
650 0 |a Tablature (Music) 
988 |a 20020608 
906 |0 MH